| 000 | 00931nam a2200241Ia 4500 | ||
|---|---|---|---|
| 003 | GCL | ||
| 008 | 140319s9999 xx 000 0 ara d | ||
| 020 | _a9123109977 | ||
| 040 |
_aGCL / _cGCL |
||
| 082 | 0 | 4 |
_aق _b916.2 _bا ر |
| 100 | 1 | _aالهام ذهنى | |
| 245 | 1 | 0 |
_aرؤية الرحالة الاوروبيين لمصر : _bبين النزعة الانسانية والاستعمارية / _cالهام ذهنى |
| 250 | _aالاولى | ||
| 260 |
_aالقاهرة : _bدار الشروق ، _c2005 |
||
| 300 |
_a183 ص ؛ _c23 سم |
||
| 490 |
_aسلسلة التاريخ : الجانب الاخر : اعادة قراءة للتاريخ المصرى _v6 |
||
| 650 | 0 | 4 | _aالرحالة |
| 650 | 0 | 4 | _aمصر - تاريخ |
| 650 | 0 | 4 | _aمصر - تاريخ - عصر المماليك ( 1250-1517 م ) |
| 650 | 0 | 4 | _aمصر - تاريخ - عصر الولاة |
| 650 | 0 | 4 | _aالنوبة - تاريخ |
| 942 |
_2ddc _cBK |
||
| 999 |
_c8207 _d8207 |
||